00463nam a22001817a 450000500170000000800410001704100080005808200170006610000240008324500580010726000150016526000100018026000090019030000170019965000150021665000250023165000250025620171214152858.0171213b xxu||||| |||| 00| 0 spa d aspa a972.86 O-48m aOliva Medina, Mario aLos movimientos sociales en de Costa Rica (1825-1930) aCosta Rcia bEUNED c1992 a92 páginas aCOSTA RICA aMOVIMIENTOS SOCIALES aCONDICIONES SOCIALES